000
00311pam a2200133a 44500
008
230405s2005 xxu||||| |||| 00| 0 eng d
041
_a
ENG
100
_a
NANDA S / NANDA A
245
_a
COSMETIC TECHNOLOGY
250
_a
1
260
_a
_b
BIRLA PUBLICATION NEW DELHI
_c
2005
300
_a
479
906
_a
5009
999
_c
280280
_d
280280